| 000 | 00785cam a22002054a 4500 | ||
|---|---|---|---|
| 005 | 20250605164206.0 | ||
| 008 | 250528s ||||||||||||||||||||||||d | ||
| 035 | _a19935 | ||
| 020 | _a9603900761 | ||
| 040 |
_aGR-AtMCL _bgre _dGR-AtMCL _eAACR2 |
||
| 245 | 1 | _aWriting and Translating in Business English | |
| 260 |
_bInterbooks, _c2001 |
||
| 300 | _a272 | ||
| 520 | _aThe book is divided into 15 units and covers a wide range of business and economic issues: European Union, Currency policy, Banking, Taxation, Statistics, Marketing, Economics and Ecology, Technology, Industrial Relations, the role of Government, Stock Ex | ||
| 700 | 1 |
_aΔιαμαντής Gabriel V _96091 |
|
| 700 | 1 |
_aΥφαντίδου Έλλη _96092 |
|
| 942 | _cBK | ||
| 999 |
_c5175 _d5175 |
||